Bayern Munich 2014/2015 - Statistics

General Stats
  • This quiz has been taken 538 times
    526 since last reset
  • The average score is 16 of 28
Answer Stats
Hint Answer % Correct
GK Neuer
98%
CB Boateng
90%
ST Lewandowski
90%
RW Robben
89%
RB Lahm
88%
CAM Muller
88%
LW Ribery
88%
LB Alaba
86%
CAM Gotze
73%
CDM Schweinsteiger
73%
CDM Alonso
67%
CDM Martinez
67%
Coach Guardiola
65%
RB Rafinha
64%
CB Dante
61%
CB Benatia
55%
GK Starke
55%
LB Bernat
53%
CB Badstuber
52%
GK Reina
44%
ST Pizarro
38%
CM Alcantara
36%
CDM Rode
35%
RB Weiser
22%
CM Gaudino
15%
ST Kurt
10%
Assistant Gerland
9%
Assistant Torrent
6%
No matching quizzes found
Score Distribution
Percent of People with Each Score
Percentile by Number Answered
Your Score History
You have not taken this quiz since the last reset